000
00293nam a2200121Ia 4500
008
220204s9999 xx 000 0 und d
082
_a
929A/Z(GAN)
_b
EAS
100
_a
Easwaran, Eknath
245
0
_a
Gandhi the man
250
_a
Ed.2
260
_a
Wellingborough
_b
Turnstone
_c
1983
942
_c
BK
999
_c
38688
_d
38688